|
|
|
|
| LEADER |
00000nab a2200000 a 4500 |
| 001 |
vtls000189780 |
| 003 |
SK-MaSNL |
| 005 |
20260304060152.0 |
| 008 |
250422c1984 xo 0 slo |
| 015 |
|
|
|a SNBRB19rr/mm-uuuuu
|
| 035 |
|
|
|a CL0199893
|
| 035 |
|
|
|a urn:nbn:sk:snk-ab547
|
| 035 |
|
|
|a (urnnbn)urn:nbn:sk:snk:ar-a03daz
|
| 035 |
|
|
|a (uuid)bfbc05ff-d1af-4202-819b-9c8c77c5e2b6
|
| 040 |
|
|
|a SNKBUCL
|b slo
|c SNKBUCL
|e AACR2
|
| 041 |
0 |
|
|a slo
|
| 044 |
|
|
|a xo
|c SK
|
| 080 |
|
|
|a 39-051
|2 1981
|
| 080 |
|
|
|a 77.04-051
|2 1981
|
| 080 |
|
|
|a 929 Plicka, Karel
|2 1981
|
| 100 |
1 |
|
|a Švehlák, Svetozár,
|d 1938-1999
|4 aut
|9 214850
|
| 245 |
1 |
0 |
|a K deväťdesiatinám Karola Plicku
|c Svetozár Švehlák
|
| 300 |
|
|
|b Obr. 1.
|
| 600 |
1 |
7 |
|a Plicka, Karel,
|d 1894-1987
|2 snkbucl
|9 89292
|
| 655 |
|
7 |
|a články z novín a časopisov
|2 snkbucl
|9 267496
|
| 773 |
0 |
|
|t Slovenský národopis
|g Roč. 32, č. 3 (1984), s. 365-368
|
| 850 |
|
|
|a Slovenská národná knižnica
|
| 852 |
|
|
|a Slovenská národná knižnica
|
| 954 |
|
|
|a odborná, vedecká literatúra pôvodná (slovenská)
|2 lita
|
| 958 |
|
|
|a article27
|
| 958 |
|
|
|a CZ
|
| 958 |
|
|
|a BX
|
| 958 |
|
|
|a OND
|
| 958 |
|
|
|a EUIPO
|
| 992 |
|
|
|a RBX
|
| 999 |
|
|
|c 2727607
|d 2729537
|